000 00623nam a2200193 4500
001 124129
003 ES-MaACL
005 20231227182307.0
007 t|
008 070214s1951 sp r ||||1| spa d
100 1 _aRamos, Aurelia.
_995244
245 1 0 _aDel corazón a la pluma /
_cAurelia Ramos ; prólogo de Wenceslao Fernández Flórez.
250 _a2ª ed., corr. y aum.
260 _aMadrid :
_b[s. n.],
_c1951 (
_fImp. Vda. Galo Sèz)
300 _a223 p. ;
_c17 cm.
700 1 _aFernández Flórez, Wenceslao,
_d1885-1964
_949790
852 _aES-MaACL
_jD-8304
_bR.32234
999 _c124129
_d124129